00241nam a2200097Ia 4500008004100000100001500041245001700056260004200073300000800115650002000123190216s9999||||xx |||||||||||||| ||und|| aPublishers 0aGadyamangeri bCalicut University Publicationsc1986 a53p aEssay Malayalam